000 00580 a2200169 4500
005 20250613100638.0
020 _a978-0-07-060448-3
082 _aLECT 658.54 CHA
100 _aCHASE, R. B.
245 _aOperations Management: For Competitive Advantage
250 _a11th Ed.
260 _aNew Delhi,
_bTata McGraw-Hill Publishing Company,
_c2006.
300 _axxxv, 875p.: ill.; map, picture, table.
_bIndex.
_c25cm.
700 _aJACOBS, F. R, AQUILANO, N. J. & AGARWAL, N. K.
856 _yAccess online book
_fOperations Management
_dwww.tatamcgrawhill.com
942 _2ddc
_cBKS
999 _c3965
_d3965